Leges civiles juxta naturalem earum ordinem (Record no. 153540)
[ view plain ]
| 000 -LEADER | |
|---|---|
| campo de control de longitud fija | 01464nam a2200253 i 4500 |
| 001 - NÚMERO DE CONTROL | |
| campo de control | 153540 |
| 003 - IDENTIFICADOR DE NÚMERO DE CONTROL | |
| campo de control | ES-MaACL |
| 005 - FECHA Y HORA DE LA ÚLTIMA TRANSACCIÓN | |
| campo de control | 20250809040613.0 |
| 008 - DATOS DE LONGITUD FIJA--INFORMACIÓN GENERAL | |
| campo de control de longitud fija | 960321s1785 it |||| | lat d |
| 040 ## - FUENTE DE CATALOGACIÓN | |
| Centro catalogador/agencia de origen | CYL |
| Lengua de catalogación | spa |
| Centro/agencia transcriptor | CYL |
| 100 1# - ENTRADA PRINCIPAL--NOMBRE DE PERSONA | |
| Nombre de persona | Domat, Jean. |
| 9 (RLIN) | 45060 |
| 245 10 - MENCIÓN DEL TÍTULO | |
| Título | Leges civiles juxta naturalem earum ordinem |
| Resto del título | : jus publicum & legum delectus / |
| Mención de responsabilidad, etc. | auctore celebri Domat ... ; Tomus 1[-4.]. |
| 250 ## - MENCION DE EDICION | |
| Mención de edición | Editio prima latina, in qua nil desideratur ex iis omnibus quae in postrema editione Gallica Parisiis facta ocurrunt. |
| 260 ## - PUBLICACIÓN, DISTRIBUCIÓN, ETC. | |
| Lugar de publicación, distribución, etc. | Venetiis : |
| Nombre del editor, distribuidor, etc. | sumptibus Francisci ex Nicolao Pezzana, |
| Fecha de publicación, distribución, etc. | 1785. |
| 300 ## - DESCRIPCIÓN FÍSICA | |
| Extensión | 3 v. (XX, LXIV, 512, 4 p. ; VIII, 375 p. ; XVI, 540 p.) ; |
| Dimensiones | 4º. |
| 500 ## - NOTA GENERAL | |
| Nota general | Falta tomo III. |
| 505 8# - NOTA DE CONTENIDO CON FORMATO | |
| Nota de contenido con formato | Contiene: 1: Tractatus de legibus in genere. De legibus civilibus juxta naturalem earum ordinem.. -- 2: De legibus civilibus pars altera De successionibus per hæreditatem -- 3: Jus publicum quatuor libris complectens: 1. De gubernatione et regimine generali reipublicæ ... --· 4: Legum delectus |
| 595 ## - | |
| -- | Datos de ed. preceden a "Tomus I" |
| 597 ## - NOTA DE DESCRIPCIÓN FÍSICA | |
| NOTA DE DESCRIPCIÓN FÍSICA | Sign.: *4, 2*6, a-cs8, d6, e2, A-Z8, 2A-28, [ ]2 ; []4, A-Z8, 2A4 ; a8, A-Z8, 2A-2K, 2L6. |
| 597 ## - NOTA DE DESCRIPCIÓN FÍSICA | |
| NOTA DE DESCRIPCIÓN FÍSICA | Port. con viñeta xil. |
| 650 07 - PUNTO DE ACCESO ADICIONAL DE MATERIA--TÉRMINO DE MATERIA | |
| Término de materia o nombre geográfico como elemento de entrada | Derecho civil |
| Fuente del encabezamiento o término | embne |
| 9 (RLIN) | 11656 |
| 852 ## - LOCALIZACIÓN | |
| Ubicación | ES-MaACL |
| Número de control de estantería | R-188-90 |
| Nota libre | -- Enc. perg. |
| Encuadernación | -- Edic.: Texto a dos col. -- añadir [4] p. al final, con sign. [ ]\p2\s |
| -- | Olim: C-2415-17 |
| Estatus retirado | Estado de pérdida | Estado de daño | No para préstamo | Colección | Biblioteca de origen | Biblioteca actual | Ubicación en estantería | Fecha de adquisición | Total de préstamos | Signatura topográfica completa | Código de barras | Visto por última vez | Precio de reemplazo | Tipo de ítem Koha |
|---|---|---|---|---|---|---|---|---|---|---|---|---|---|---|
| Libros del s. XVIII | Biblioteca del Ateneo de Madrid | Biblioteca del Ateneo de Madrid | Depósito | 17/01/2008 | R-188-90 | 1160506 | 23/02/2023 | 23/02/2023 | Libro impreso antiguo |
